| 000 | 00607nam a2200217Ia 4500 | ||
|---|---|---|---|
| 005 | 20231102113755.0 | ||
| 008 | 131103s9999 xx 000 0 und d | ||
| 020 | _a0-86091-719-3 | ||
| 040 | _aLoreto College | ||
| 041 | _aEnglish | ||
| 082 |
_a320.5 _bWRI |
||
| 100 | _aWright, Erik Olin | ||
| 245 |
_aClass, crisis and the state _cErik Olin Wright |
||
| 260 |
_aLondon _bVerso _c1978(1985 printing) |
||
| 300 | _a266 p. | ||
| 504 | _aIncludes bibliographical references and index | ||
| 650 | _aPolitics - Political Ideology - | ||
| 651 | _aPolitical Science - | ||
| 850 | _aLCLIB | ||
| 942 | _cBK | ||
| 999 |
_c463 _d50942 |
||